[Event "182nd open MGU"]
[Site "Sofia"]
[Date "2017.02.26"]
[Round "4.1"]
[White "Andreev, Dobrotich"]
[Black "Ignatov, Bojidar"]
[Result "0-1"]
[WhiteElo "1998"]
[BlackElo "1761"]
[PlyCount "30"]
[EventDate "2017.02.25"]
[EventType "swiss"]
[EventRounds "6"]
[EventCountry "BUL"]

1. e4 e5 2. Nf3 Nc6 3. Bb5 Nf6 4. O-O Nxe4 5. Re1 Nd6 6. Nxe5 Be7 7. Bf1 Nxe5
8. Rxe5 O-O 9. d4 Ne8 10. c4 d6 11. Re1 Nf6 12. Nc3 Bf5 13. Qb3 $146 ({RR} 13.
Qf3 Bc8 14. Bg5 h6 15. Bh4 c6 16. h3 Be6 17. b3 d5 18. Rad1 Re8 19. Re3 a6 20.
c5 Nd7 21. Bxe7 Rxe7 22. Rde1 Qc7 23. Bd3 Rae8 24. b4 Nf8 25. Qg3 Qxg3 26. fxg3
f6 27. a4 Kf7 {Kovalenko,I (2680)-Sivuk,V (2552)/Minsk 2015/EXT 2017/1-0 (72)})
13... b6 14. g3 Qd7 15. Bg2 Rae8 {...} 0-1

[Event "182nd open MGU"]
[Site "Sofia"]
[Date "2017.02.26"]
[Round "4.5"]
[White "Georgiev, Nikolay Zh."]
[Black "Mladenov, Andrey"]
[Result "0-1"]
[WhiteElo "1644"]
[BlackElo "1553"]
[PlyCount "88"]
[EventDate "2017.02.25"]
[EventType "swiss"]
[EventRounds "6"]
[EventCountry "BUL"]

1. e4 c5 2. Nf3 Nc6 3. Nc3 e5 4. Bc4 Be7 5. d3 Nf6 6. a3 O-O 7. Nd2 ({RR} 7.
O-O d6 8. h3 Nd7 ({RR} 8... Be6 9. Nd5 Bxd5 10. exd5 Nb8 11. b4 Nbd7 12. Bb3 a5
13. Bd2 a4 14. Ba2 Qc7 15. c4 b6 16. Nh2 Ne8 17. Qh5 g6 18. Qe2 f5 19. f4 Bf6
20. Rae1 Ng7 21. fxe5 Nxe5 22. Bh6 Rfe8 23. Qc2 {
Stetsko,L (2220)-Arakhamia Grant,K (2364)/Mamaia 2016/CBM 172 Extra/0-1 (31)})
9. Nd5 Nb6 10. Ba2 {1/2 Fedorchuk,S (2634)-Moiseenko,A (2711)/Kiev 2012/CBM 150
}) 7... a6 8. Nf1 d6 $146 ({RR} 8... b5 9. Ba2 d6 10. Ne3 Be6 11. O-O Bxa2 12.
Rxa2 Nd4 13. g3 Re8 14. b3 Rc8 15. f3 Bf8 16. Bd2 g6 17. a4 Bg7 18. Kh1 Qd7 19.
Kg2 Qb7 20. h4 Nh5 21. Ncd5 f5 22. g4 Nf4+ 23. Nxf4 {
Seleljo,D (2252)-Richtrova,E (2216)/Czechia 2013/EXT 2014/0-1 (40)}) 9. Bg5
Nxe4 10. Bxe7 Nxc3 11. Bxd8 Nxd1 12. Bc7 Nxb2 13. Bb3 d5 14. Bd6 Nd4 15. Bxf8
Kxf8 16. Ra2 Nxd3+ 17. cxd3 Nxb3 18. Ne3 Be6 19. Rb2 Na5 20. Rb6 Ke7 21. Kd2 d4
22. Nd1 c4 23. Re1 f6 24. f4 c3+ 25. Kc2 Rc8 26. fxe5 fxe5 27. Rxe5 Rc6 28. Rb4
b5 29. Nf2 Rd6 30. Rb1 Nc6 31. Re2 Kf7 32. Ne4 Rd5 33. Rf2+ Kg6 34. Rf8 a5 35.
Ra8 Kh5 36. Ra6 Bd7 37. Nxc3 dxc3 38. Kxc3 Ne5 39. Rd1 a4 40. Ra8 Bf5 41. d4
Nc4 42. Kb4 Ne3 43. Rd2 Nc2+ 44. Ka5 g5 0-1

[Event "182nd open MGU"]
[Site "Sofia"]
[Date "2017.02.26"]
[Round "5.2"]
[White "Ilieva, Ralitsa"]
[Black "Andreev, Dobrotich"]
[Result "0-1"]
[WhiteElo "1469"]
[BlackElo "1998"]
[PlyCount "52"]
[EventDate "2017.02.25"]
[EventType "swiss"]
[EventRounds "6"]
[EventCountry "BUL"]

1. d4 d5 2. c4 e6 3. Nc3 Nf6 4. Nf3 Nbd7 5. Bg5 c6 6. e3 Qa5 7. a3 Ne4 8. Qc2
Bb4 9. Rc1 Bxc3+ 10. bxc3 Nxg5 11. Nxg5 dxc4 12. Nxh7 Qh5 13. Bxc4 Qxh7 14. Bd3
Qh4 15. h3 e5 16. g3 Qf6 17. h4 Qf3 18. Rg1 exd4 19. cxd4 Nf6 20. Be2 Qf5 21.
Bd3 Qa5+ 22. Ke2 Be6 23. Rb1 O-O-O 24. Qb2 Rd7 25. Rgc1 Qh5+ 26. f3 Bd5 0-1

[Event "182nd open MGU"]
[Site "Sofia"]
[Date "2017.02.26"]
[Round "5.5"]
[White "Kostov, Nikolay"]
[Black "Lenkova, Lyubomira"]
[Result "1-0"]
[WhiteElo "1694"]
[BlackElo "1303"]
[PlyCount "49"]
[EventDate "2017.02.25"]
[EventType "swiss"]
[EventRounds "6"]
[EventCountry "BUL"]

1. d4 Nf6 2. e3 g6 3. c4 Bg7 4. Nc3 d5 5. cxd5 Nxd5 6. Bc4 ({RR} 6. Nxd5 Qxd5
7. Ne2 O-O 8. Nc3 Qd6 9. Be2 c6 10. O-O Nd7 11. Qc2 e5 12. dxe5 Qxe5 13. e4 Nf6
14. Be3 Ng4 15. Bxg4 Bxg4 16. h3 Bd7 17. Rad1 Qe7 18. Bd4 Rfd8 19. Bxg7 Kxg7
20. Rd3 Be6 {Kramnik,V (2790)-Svidler,P (2750)/Nice 2010/CBM 135 Extra/1/2 (31)
}) 6... Nxc3 ({RR} 6... Nb6 7. Bd3 O-O 8. a4 e5 9. dxe5 Bxe5 10. Nge2 Be6 11.
O-O Nc6 12. Nf4 Bc4 13. Bxc4 Nxc4 14. Nd3 Bg7 15. Qe2 N6a5 16. Qc2 Nc6 17. Rd1
Qh4 18. b3 N4e5 19. Ba3 Rfd8 20. h3 Nxd3 21. Rxd3 {
Kolomvakis,S (1913)-Tsihlis,I (1471)/Heraklion 2016/CBM 172 Extra/1/2}) 7. bxc3
c5 8. f4 $146 ({RR} 8. Ne2 O-O 9. O-O ({RR} 9. h4 Nc6 10. Kf1 e5 11. Ba3 exd4
12. Bxc5 dxe3 13. Bxf8 Qxf8 14. h5 Ne5 15. Bd5 Ng4 16. hxg6 hxg6 17. Qb3 exf2
18. Rh3 Qe7 19. Rd1 Be5 20. Bxf7+ Kg7 21. Bd5 Nh2+ 22. Rxh2 Bxh2 23. Rd3 Bg4 {
Ribicic,M (2195)-Licardo,R (2185)/Zadar 1999/EXT 2000/1-0}) 9... Nc6 10. a4 ({
RR} 10. Bd2 e5 11. dxc5 Qa5 12. Qc1 Qxc5 13. Bb3 Na5 14. h3 Nxb3 15. axb3 Be6
16. Qb2 Rfd8 17. Rfc1 Qd5 18. Be1 Qxb3 19. Rab1 Qxb2 20. Rxb2 Bd5 21. Rd1 Bc6
22. Rbd2 Rxd2 23. Rxd2 a5 24. c4 a4 {
Gehl,H-Kemeny,M/Bad Segeberg 1995/EXT 2002/0-1}) 10... Qc7 11. Ba3 Na5 12. Bd5
Rd8 13. Bf3 c4 14. Ng3 Rb8 15. Rb1 b6 16. Qc2 Bb7 17. Ne4 Nb3 18. Rfd1 e6 19.
Be2 Rbc8 20. Nd2 Na5 21. e4 Bc6 22. Ra1 Nb3 {
Guarin,H (1894)-De la Roche,J (2111)/Medellin 2011/CBM 144 Extra/0-1 (47)})
8... O-O 9. Nf3 Nc6 10. O-O Bf5 11. Ne5 Na5 12. Bd3 Qc8 13. e4 Bd7 14. Be3 c4
15. Bc2 f5 16. Nxd7 Qxd7 17. exf5 gxf5 18. Qh5 Qe6 19. Rae1 Qh6 20. Qf3 Rad8
21. Kh1 Qh4 22. Qe2 Qg4 23. Rf3 Kh8 24. Qf1 Rd6 25. Rg3 1-0

[Event "182nd open MGU"]
[Site "Sofia"]
[Date "2017.02.26"]
[Round "5.6"]
[White "Georgiev, Nikolay Zh."]
[Black "Kolev, Nikola Vl."]
[Result "0-1"]
[WhiteElo "1644"]
[BlackElo "1873"]
[PlyCount "44"]
[EventDate "2017.02.25"]
[EventType "swiss"]
[EventRounds "6"]
[EventCountry "BUL"]

1. e4 c5 2. Nc3 g6 3. Nf3 Bg7 4. d4 cxd4 5. Nxd4 Nc6 6. Be3 Qa5 7. Qd2 Nf6 8.
Nb3 ({RR} 8. f3 {RR} a6 9. Be2 d6 10. O-O O-O 11. Nxc6 bxc6 12. Nd5 Qxd2 13.
Nxe7+ Kh8 14. Bxd2 Bb7 15. Bb4 c5 16. e5 cxb4 17. exd6 Rad8 18. Rad1 Ne8 19. d7
Nf6 20. Nc8 Bxc8 21. dxc8=Q Rxc8 22. Rc1 a5 23. c3 {
Huber,M (1639)-Bilau,M (1645)/Willingen 2016/CBM 172 Extra/0-1 (31)}) 8... Qc7
9. f4 $146 ({RR} 9. f3 a6 10. Be2 d6 11. g4 Be6 12. O-O-O b5 13. Bh6 O-O 14.
Bxg7 Kxg7 15. h4 Ne5 16. h5 Ng8 17. hxg6 fxg6 18. Nd4 Qd7 19. Nd5 Bxd5 20. exd5
Rf7 21. f4 Nc4 22. Qc3 Nf6 23. Bxc4 bxc4 {
Metev,M (2009)-Kolev,N (1682)/Sofia 2014/CBM 163 Extra/1-0 (31)}) ({RR} 9. Be2
a6 10. O-O-O b5 11. f3 h5 12. f4 d6 13. h3 Be6 14. Nd5 Qb7 15. Bf3 Rc8 16. g4
a5 17. e5 Nxd5 18. Bxd5 Bxd5 19. Qxd5 dxe5 20. fxe5 Bxe5 21. Nc5 Qc7 22. Rhf1
Nd8 23. Rf2 hxg4 {Peurala,J-Louhivaara,J/Finland 2001/CBM 079 Extra/0-1 (37)})
({RR} 9. Bf4 d6 10. O-O-O Be6 11. Nc5 O-O 12. Nxe6 fxe6 13. Bc4 Nd8 14. Bb3 Ng4
15. h3 Rxf4 16. hxg4 Rxg4 17. f3 Rg3 18. Qf2 Rg5 19. Rd3 Qc5 20. Qxc5 Rxc5 21.
Ne2 h5 22. Kb1 Kf7 23. f4 a5 {
Krastev,K (2034)-Krastev,G (2016)/Sofia 2009/CBM 133 Extra/0-1 (48)}) 9... d6
10. Nd5 Qb8 11. Nxf6+ Bxf6 12. O-O-O O-O 13. Be2 Be6 14. h4 Bxb3 15. axb3 a5
16. Bb5 Na7 17. Bc4 Nc6 18. Kb1 a4 19. c3 Na5 20. Bd4 Nxb3 21. Bxb3 axb3 22. h5
{Äèàãðàììà #} Ra1+ 0-1

[Event "182nd open MGU"]
[Site "Sofia"]
[Date "2017.02.26"]
[Round "6.2"]
[White "Ignatov, Bojidar"]
[Black "Babatov, Martin"]
[Result "1/2-1/2"]
[WhiteElo "1761"]
[BlackElo "1723"]
[PlyCount "63"]
[EventDate "2017.02.25"]
[EventType "swiss"]
[EventRounds "6"]
[EventCountry "BUL"]

1. e4 c6 2. d4 d5 3. e5 Bf5 4. h4 h6 5. g4 Bd7 6. f4 h5 7. gxh5 ({RR} 7. f5
hxg4 8. e6 fxe6 9. Qxg4 Qc8 10. Nf3 Nf6 11. Qg6+ Kd8 12. Ne5 Be8 13. Nf7+ Bxf7
14. Qxf7 e5 15. Bh3 Qc7 16. Nc3 Nbd7 17. Ne2 c5 18. c3 cxd4 19. cxd4 exd4 20.
Nf4 Nc5 21. O-O Rc8 {
Onischuk,V (2612)-Aronian,L (2784)/Berlin 2015/CBM 168 Extra/1-0 (89)}) ({RR} 
7. g5 Bg4 8. Be2 Bxe2 9. Nxe2 e6 10. Ng3 g6 11. Be3 Qb6 12. Qc1 c5 13. dxc5
Bxc5 14. Bxc5 Qxc5 15. Nc3 Ne7 16. Qd2 Nbc6 17. O-O-O Rc8 18. Nce4 dxe4 19.
Nxe4 Qa5 20. Nd6+ Kf8 21. Qxa5 Nxa5 {
Mihailidou,M (1466)-Andreev,D (1914)/Teteven 2016/CBM 173 Extra/0-1}) 7... Nh6
8. Be3 $146 ({RR} 8. Bh3 Bf5 9. Bxf5 Nxf5 10. Nf3 e6 11. Ng5 c5 12. dxc5 Bxc5
13. Rh3 Nc6 14. c3 a5 15. Qb3 Qb6 16. Na3 Bb4 17. Be3 Nxe3 18. cxb4 Qxb4+ 19.
Qxb4 axb4 20. Rxe3 bxa3 21. Rxa3 Rxa3 22. bxa3 Rxh5 {
Medvedev,S (1934)-Kharlamov,I (2043)/Omsk 2015/CBM 165 Extra/0-1 (32)}) ({RR} 
8. Nf3 Bg4 9. Be2 e6 10. Ng5 Bxe2 11. Qxe2 Nf5 12. Qg4 Qb6 13. c3 c5 14. Nd2
cxd4 15. Ndf3 Bc5 16. Nxf7 Kxf7 17. Qg6+ Ke7 18. Ng5 Kd7 19. Nf7 Nc6 {
0-1 Mai,P-Grund,H (2335)/Binz 1995/Juniors}) 8... Bg4 9. Be2 Bxe2 10. Qxe2 e6
11. Nd2 Be7 12. Bf2 Nf5 13. Qg4 Qb6 14. O-O-O a5 15. Ndf3 Nd7 16. Ne2 a4 17. a3
Ra5 18. Nc3 Qc7 19. Ng5 b5 20. Na2 Qb7 21. c3 c5 22. Nxe6 fxe6 23. Qg6+ Kf8 24.
Qxe6 Nh6 25. Rhg1 Ra6 26. Qh3 b4 27. cxb4 cxb4 28. Nxb4 Bxb4 29. axb4 Qc7+ 30.
Kd2 Nb6 31. Rc1 Nc4+ 32. Ke2 1/2-1/2

[Event "182nd open MGU"]
[Site "Sofia"]
[Date "2017.02.26"]
[Round "6.4"]
[White "Kolev, Nikola Vl."]
[Black "Ilieva, Ralitsa"]
[Result "1/2-1/2"]
[WhiteElo "1873"]
[BlackElo "1469"]
[PlyCount "42"]
[EventDate "2017.02.25"]
[EventType "swiss"]
[EventRounds "6"]
[EventCountry "BUL"]

1. Nf3 Nf6 2. c4 g6 3. d4 Bg7 4. Nc3 d6 5. e4 O-O 6. Be3 b6 7. Bd3 Bb7 8. O-O
c5 9. d5 e6 10. Qd2 Re8 11. Bh6 Bh8 12. Rfe1 Nbd7 13. Re2 Ng4 14. Bg5 Ndf6 15.
h3 Ne5 16. Nxe5 dxe5 17. f4 exd5 18. exd5 exf4 19. Rae1 Rxe2 20. Bxe2 Qd7 21.
Qxf4 Ne8 1/2-1/2

[Event "182nd open MGU"]
[Site "Sofia"]
[Date "2017.02.26"]
[Round "6.6"]
[White "Lenkova, Lyubomira"]
[Black "Georgiev, Nikolay Zh."]
[Result "1-0"]
[WhiteElo "1303"]
[BlackElo "1644"]
[PlyCount "31"]
[EventDate "2017.02.25"]
[EventType "swiss"]
[EventRounds "6"]
[EventCountry "BUL"]

1. d4 d5 2. Bf4 c5 3. c3 cxd4 4. cxd4 Nf6 5. Nf3 Nc6 6. e3 Bf5 ({RR} 6... a6 7.
Bd3 Bg4 8. Nbd2 e6 9. a3 Bd6 10. Bg3 O-O 11. O-O Bxg3 12. hxg3 e5 13. dxe5 Nxe5
14. Be2 Nc6 15. Nb3 Qb6 16. Nfd4 Bxe2 17. Nxe2 Rfe8 18. a4 Rxe3 19. fxe3 Qxe3+
20. Kh1 Qh6+ 21. Kg1 {
Schwartzman,G (2510)-Kaidanov,G (2605)/Dallas 1996/EXT 2001/0-1 (40)}) 7. Bd3
Qa5+ $146 ({RR} 7... Bxd3 8. Qxd3 e6 9. O-O ({RR} 9. a3 Bd6 10. Bg3 Ne4 11. Nc3
Nxc3 12. Qxc3 O-O 13. Rc1 Rc8 14. Bxd6 Qxd6 15. O-O f6 16. Qd3 Rc7 17. Rc3 Rfc8
18. Rfc1 Ne7 19. Rxc7 Rxc7 20. Rxc7 Qxc7 21. Qc3 Qxc3 22. bxc3 Kf7 23. Kf1 Nc6
{Schreiber,T-Schaaf,A/Griesheim 1999/EXT 2000/0-1 (43)}) 9... Bd6 10. Qb5 Rb8
11. Bg5 O-O 12. Rc1 a6 13. Qe2 Rc8 14. Nbd2 Be7 15. a3 h6 16. Bh4 Nh5 17. Bxe7
Qxe7 18. Ne5 Nxe5 19. dxe5 g6 20. b4 Rc7 21. Nb3 Ng7 22. Nc5 {
Csala,I (2145)-Maher,C (1844)/Balatonboglar 2016/CBM 173 Extra/1-0 (54)}) ({RR
} 7... Bg6 8. O-O e6 9. Nc3 Bd6 10. Bg3 O-O 11. a3 a5 12. Rc1 Ne4 13. Bxd6 Qxd6
14. Nh4 f5 15. Nxg6 hxg6 16. Bxe4 dxe4 17. Qb3 g5 18. Rfd1 Ne7 19. Nb5 Qb6 20.
a4 Nd5 21. Qa3 Rad8 22. Qc5 {
Hoshino,K (1618)-Montufar Berrios,L (1805)/Shelton 2013/CBM 154 Extra/1-0 (60)}
) 8. Nc3 Bg4 9. a3 e6 10. O-O Be7 11. Nb5 O-O 12. Bc7 Bxf3 13. gxf3 b6 14. b4
Bxb4 15. axb4 Qxb4 16. Bd6 1-0